|
|
|
|
| LEADER |
00000nab a2200000 ar4500 |
| 001 |
vtls009949705 |
| 003 |
SK-MaSNL |
| 005 |
20260303050101.0 |
| 008 |
090911c2009 xo wr|p|||||||000 b|slo |
| 038 |
|
|
|a PPPK
|
| 040 |
|
|
|a PPPKCL
|b slo
|c PPPKCL
|e AACR2
|
| 041 |
0 |
|
|a slo
|
| 044 |
|
|
|a xo
|c SK
|
| 080 |
|
|
|a 796.61.093.1
|2 2001
|
| 245 |
0 |
0 |
|a V premiére etapových pretekov vyhral Hartl
|c [text, foto] (bšl)
|
| 300 |
|
|
|b Fotogr.
|
| 611 |
2 |
7 |
|a Horal Tour v horskej cyklistike
|n (10. :
|d 2009 :
|c Kráľova hoľa, Svit, Liptovská Teplička, Nízke Tatry, Slovensko)
|2 pppkcl
|9 1037711
|
| 648 |
|
7 |
|a 7.8-9.8.2009
|2 pppkcl
|9 1037712
|
| 650 |
0 |
7 |
|a horská cyklistika
|2 pppkcl
|9 74921
|
| 650 |
0 |
7 |
|a cyklistické preteky
|2 pppkcl
|9 69581
|
| 651 |
|
7 |
|a Kráľova hoľa (Nízke Tatry, Slovensko : vrch)
|2 pppkcl
|9 67265
|
| 651 |
|
7 |
|a Svit (Slovensko)
|x šport
|2 pppkcl
|9 1035219
|
| 651 |
|
7 |
|a Liptovská Teplička (Slovensko)
|2 pppkcl
|9 20039
|
| 651 |
|
7 |
|a Poprad (Slovensko : okres)
|2 pppkcl
|9 28675
|
| 773 |
0 |
|
|t Podtatranské noviny
|g Roč. IIL, č. 34 (2009), s. 8
|
| 852 |
|
|
|a PPPK
|b KIS3GCP
|
| 999 |
|
|
|c 1706094
|d 1708024
|